Дело об утверждении на службе артистов и других лиц, служащих при императорских театрах

Доступно только в Электронных читальных залах Найти на картеНа карте
RUSMARC
00003699nmc2a22002413x 450
0015517c74f-e0ad-4807-85fd-a3a3ea9d0d8d
00520201008064530.0
100##$a20200310l18931893k l0rusy0189 ca
1010#$arus
102##$aRU
105##$ay###
1222#$ad
2001#$aДело об утверждении на службе артистов и других лиц, служащих при императорских театрах
$j17 марта - 17 ноября 1893 г.
215##$a53 л.
$d36,5х26 см
251##$cДело
300##$aНа бланке обложки указано: "Дело Санкт-Петербургской конторы императорских театров"
371##$aДокумент не является опубликованным и широко распространяемым
461#0$10019264ebf8-de62-4f1a-9eb4-9f22098dbbd5
$12001
$aДирекция императорских театров МИДв
$1251
$cФонд
$1852
$j497
462#0$10016d2858c7-947f-46a8-934e-c3d97596ebca
$12001
$aДирекция императорских театров (1879-1918 гг.)
$1251
$cОпись
$1852
$j6
801#0$aRU
$bРГИА
$c20200310
$gRCR
801#1$aRU
$bГлавНИВЦ
$c20200310
$2rusmarc
801#2$aRU
$bПБ им. Б.Н. Ельцина
$c20201008
$gRCR
$2rusmarc
850##$aРГИА
852##$aРГИА
$eФедеральное казенное учреждение "Российский государственный исторический архив" (РГИА)
$j4229
937##$hРГИА
$d12339215
$aASBIBLIO_SCAN
035##$aRusGRCC00001703
856##$uhttp://readingroom.main.prlib.ru/item.aspx?id_node=n147819589&mode=full
Формат отображения